KOHA-Header-6

Social Psychology Human Nature (Record no. 11972)

000 -LEADER
fixed length control field 00335nam a22001457a 4500
020 ## - INTERNATIONAL STANDARD BOOK NUMBER
ISBN 978-1133957799
082 ## - DEWEY DECIMAL CLASSIFICATION NUMBER
Classification number 302
100 ## - MAIN ENTRY--AUTHOR NAME
Personal name Roy F.Baumeister
245 ## - TITLE STATEMENT
Title Social Psychology Human Nature
250 ## - EDITION STATEMENT
Edition statement 3rd Edition
260 ## - PUBLICATION, DISTRIBUTION, ETC. (IMPRINT)
Place of publication Australia
Name of publisher Cengage Learning
Year of publication 2014
300 ## - PHYSICAL DESCRIPTION
Number of Pages 832
650 ## - SUBJECT ADDED ENTRY--TOPICAL TERM
Topical Term Psychology
942 ## - ADDED ENTRY ELEMENTS (KOHA)
Koha item type Books
Holdings
Withdrawn status Lost status Collection code Permanent Location Current Location Shelving location Date acquired Full call number Accession Number Koha item type
    Psychology MAJU MAJU Shelf No.A35 2019-09-20 302 9336 Psychology

Powered by Koha